[Event "Open Nuevo Centro. Jornada 5"]
[Site "Chess.com"]
[Date "2020.07.17"]
[Round "4"]
[White "Reig Albero, Ferran"]
[Black "Sendra Tormo, Juan"]
[Result "1-0"]
[WhiteElo "1857"]
[BlackElo "2232"]
[PlyCount "77"]
[EventDate "2020.??.??"]

1. e4 c5 2. Nf3 d6 3. d4 cxd4 4. Nxd4 Nf6 5. Nc3 g6 6. Be3 Bg7 7. Bc4 Nc6 8.
Bb3 O-O 9. h3 Bd7 10. O-O Rc8 11. f4 Na5 12. Qd3 Nxb3 13. axb3 a6 14. e5 Ne8
15. Nf3 Bf5 16. Qe2 dxe5 17. fxe5 Qc7 18. Bf4 Qb6+ 19. Kh1 Nc7 20. Rad1 h6 21.
Nd4 Be6 22. Nxe6 Nxe6 23. Bg3 Qc6 24. Nd5 Qxc2 25. Nxe7+ Kh7 26. Rd2 Qxb3 27.
Nxc8 Rxc8 28. Rf3 Qb4 29. Rxf7 Nd4 30. Qe4 Qxd2 31. Rxg7+ Kxg7 32. Qxb7+ Kg8
33. Qxc8+ Kf7 34. Qd7+ Kg8 35. e6 Qd1+ 36. Kh2 Nf3+ 37. gxf3 Qe2+ 38. Kg1 Qe3+
39. Kg2 1-0

[Event "Open Nuevo Centro. Jornada 5"]
[Site "Chess.com"]
[Date "2020.07.17"]
[Round "4"]
[White "Aguado, Pablo Luis"]
[Black "Marques Montolio, Luis"]
[Result "1-0"]
[WhiteElo "1902"]
[BlackElo "1368"]
[PlyCount "101"]
[EventDate "2020.??.??"]

1. d4 c6 2. c4 d5 3. Nc3 Nf6 4. e3 a6 5. Nf3 e6 6. cxd5 exd5 7. Bd3 Bg4 8. O-O
Bd6 9. h3 Bh5 10. g4 Bg6 11. Ne5 Qc7 12. f4 Be4 13. Bxe4 Nxe4 14. Nxe4 dxe4 15.
Qc2 Nd7 16. Qxe4 O-O-O 17. Bd2 f6 18. Nc4 Rde8 19. Qd3 h5 20. Ba5 Qb8 21. Rac1
hxg4 22. Nxd6+ Qxd6 23. d5 Rxh3 24. Rxc6+ bxc6 25. Qxa6+ Kb8 26. dxc6 Nc5 27.
c7+ Qxc7 28. Bxc7+ Kxc7 29. Qc4 Kc6 30. b4 Rhxe3 31. Qxc5+ Kb7 32. Qd5+ Kb6 33.
Qd4+ Kb7 34. Qd5+ Kb6 35. Rc1 Re1+ 36. Rxe1 Rxe1+ 37. Kf2 Rc1 38. Qd4+ Kb7 39.
Qe4+ Ka6 40. Qe2+ Kb7 41. Qb5+ Kc8 42. Qa6+ Kd7 43. Qb7+ Ke8 44. Qxg7 Rc2+ 45.
Kg3 Rc3+ 46. Kxg4 Rc1 47. Qxf6 Rg1+ 48. Kf5 Re1 49. Qe6+ Rxe6 50. Kxe6 Kd8 51.
f5 1-0

[Event "Open Nuevo Centro. Jornada 5"]
[Site "Chess.com"]
[Date "2020.07.17"]
[Round "4"]
[White "Birnoveanu, Petru"]
[Black "Méndez Giménez, Néstor Emmanuel"]
[Result "1-0"]
[WhiteElo "1685"]
[BlackElo "1157"]
[PlyCount "133"]
[EventDate "2020.??.??"]

1. e4 e6 2. d4 d5 3. e5 c5 4. c3 Nc6 5. f4 Qb6 6. Nf3 f6 7. a3 Bd7 8. Be2 cxd4
9. cxd4 fxe5 10. fxe5 Be7 11. O-O Nh6 12. b4 O-O 13. h3 Nf5 14. Bb2 Nd8 15. Qd2
Bb5 16. Bxb5 Qxb5 17. Nc3 Qb6 18. Na4 Qa6 19. Nc5 Bxc5 20. dxc5 Ng3 21. Rfe1 b6
22. Rac1 bxc5 23. Rxc5 Nb7 24. Rc7 Rac8 25. Rxc8 Rxc8 26. Qg5 Ne2+ 27. Kf2 Rc2
28. Ke3 Rxb2 29. Qe7 Rb3+ 30. Kf2 Qb6+ 31. Kxe2 Rb2+ 32. Nd2 Qb5+ 33. Kf3 Rxd2
34. Qxe6+ Kf8 35. Qf5+ Ke8 36. Qe6+ Kd8 37. Qg8+ Kc7 38. Qxg7+ Kb6 39. Qh6+ Kc7
40. Qxd2 Qe8 41. e6 Qf8+ 42. Qf4+ Qxf4+ 43. Kxf4 Nd6 44. Ke5 h5 45. Kxd5 h4 46.
e7 Kd7 47. Re6 Ne8 48. Rh6 Kxe7 49. Rxh4 Nf6+ 50. Kc5 Kd7 51. Rf4 Ne8 52. Rf7+
Ke6 53. Rxa7 Nd6 54. Ra6 Kd7 55. Rxd6+ Ke7 56. Kc6 Kf7 57. g4 Ke7 58. g5 Kf7
59. Kd7 Kg7 60. Rf6 Kh7 61. h4 Kg7 62. h5 Kh7 63. Rf7+ Kg8 64. g6 Kh8 65. h6
Kg8 66. b5 Kh8 67. Rf8# 1-0

[Event "Open Nuevo Centro. Jornada 5"]
[Site "Chess.com"]
[Date "2020.07.17"]
[Round "4"]
[White "Sampedro Roig, Josep Francesc"]
[Black "Angullo Gil, Jose"]
[Result "1/2-1/2"]
[WhiteElo "1691"]
[BlackElo "1990"]
[PlyCount "112"]
[EventDate "2020.??.??"]

1. e4 c5 2. Nf3 g6 3. d4 cxd4 4. Nxd4 Bg7 5. c4 Nc6 6. Be3 Nf6 7. Nc3 O-O 8.
Be2 d6 9. O-O Bd7 10. f3 a5 11. Qd2 Nxd4 12. Bxd4 Bc6 13. Rfd1 a4 14. b4 axb3
15. axb3 Nd7 16. b4 Bxd4+ 17. Qxd4 b6 18. Nd5 Rxa1 19. Rxa1 Bxd5 20. Qxd5 Qc7
21. Ra6 Rc8 22. Qb5 Kf8 23. Qa4 Ne5 24. Ra7 Qc6 25. Qxc6 Rxc6 26. Rb7 Nxc4 27.
Bxc4 Rxc4 28. Rb8+ Kg7 29. Rxb6 Kf6 30. Kf2 Rc2+ 31. Kg3 g5 32. b5 h5 33. Rb7
Rb2 34. b6 e6 35. Rb8 d5 36. exd5 exd5 37. b7 Kg7 38. h4 f6 39. hxg5 fxg5 40.
f4 Rb3+ 41. Kf2 gxf4 42. Rd8 Rxb7 43. Rxd5 Kg6 44. Rd6+ Kg5 45. Rd5+ Kg4 46.
Rd3 Rb2+ 47. Kg1 h4 48. Kf1 Ra2 49. Rd8 Kg3 50. Rg8+ Kh2 51. Rg4 h3 52. gxh3
Kxh3 53. Rxf4 Kg3 54. Re4 Rf2+ 55. Ke1 Rf4 56. Rxf4 Kxf4 1/2-1/2

[Event "Open Nuevo Centro. Jornada 5"]
[Site "Chess.com"]
[Date "2020.07.17"]
[Round "4"]
[White "Serrano Requena, Guillem"]
[Black "Blanco Solaz, Ramón"]
[Result "0-1"]
[WhiteElo "1468"]
[BlackElo "1936"]
[PlyCount "120"]
[EventDate "2020.??.??"]

1. d4 c5 2. c3 d5 3. dxc5 e5 4. b4 Nf6 5. e3 Be7 6. Nf3 Qc7 7. Bb2 O-O 8. Qc2
Bg4 9. Be2 Bh5 10. O-O Bg6 11. Qd1 Rd8 12. Nbd2 Nc6 13. Nb3 Ne4 14. a3 f5 15.
c4 Bf7 16. cxd5 Rxd5 17. Qc2 Rd7 18. Rfd1 Rad8 19. Rxd7 Rxd7 20. Rd1 Bf6 21.
Rxd7 Qxd7 22. Bd3 Nxf2 23. Bxf5 Qd1+ 24. Qxd1 Nxd1 25. Ba1 Bxb3 26. e4 Ne3 27.
Kf2 Nc2 28. Bb2 g6 29. Bg4 h5 30. Bh3 g5 31. g4 h4 32. Nd2 Be6 33. Nf3 N2d4 34.
Nd2 Bd8 35. Ke3 b6 36. cxb6 Bxb6 37. Bf1 Nb3+ 38. Kf3 Nxd2+ 39. Ke2 Nxe4 40.
Kf3 Bd5 41. Bd3 Nc5+ 42. Ke2 Nxd3 43. Kxd3 Bg1 44. h3 Bg2 45. b5 Nd4 46. a4
Bxh3 47. a5 Bxg4 48. b6 axb6 49. axb6 Bf3 50. Bxd4 Bxd4 51. b7 Bxb7 52. Ke2 h3
53. Kf1 h2 54. Ke2 h1=Q 55. Kd3 Qf3+ 56. Kd2 Qe3+ 57. Kd1 Bf3+ 58. Kc2 Qc3+ 59.
Kb1 Be4+ 60. Ka2 Qb2# 0-1

[Event "Open Nuevo Centro. Jornada 5"]
[Site "Chess.com"]
[Date "2020.07.17"]
[Round "4"]
[White "Kovacevic, Slobodan"]
[Black "Martin Ayala, David"]
[Result "1-0"]
[WhiteElo "2197"]
[BlackElo "2077"]
[PlyCount "107"]
[EventDate "2020.??.??"]

1. d4 e5 2. dxe5 d6 3. exd6 Bxd6 4. Nf3 Bg4 5. Bg5 Nf6 6. Nbd2 Qe7 7. e3 Nc6 8.
c3 O-O-O 9. Qa4 Bd7 10. Qc2 h6 11. Bxf6 Qxf6 12. O-O-O Bf5 13. Bd3 Bxd3 14.
Qxd3 Bxh2 15. Qc4 Bd6 16. Ne4 Qg6 17. Nh4 Qe6 18. Qxe6+ fxe6 19. f4 Ne7 20. g3
Nd5 21. Rd3 g5 22. Nf3 gxf4 23. exf4 Rdg8 24. Rh3 Bxf4+ 25. gxf4 Nxf4 26. Ne5
Nxh3 27. Rxh3 Rg1+ 28. Kc2 Rg2+ 29. Kb3 Re2 30. Rh4 Rg8 31. a4 a5 32. Nc4 b6
33. Ned2 Rgg2 34. Nf3 Rgf2 35. Nd4 Rh2 36. Rg4 Reg2 37. Re4 h5 38. Rxe6 h4 39.
Rh6 h3 40. Rh8+ Kb7 41. Rh7 Rg6 42. Nb5 Rc6 43. Ne5 Rc5 44. Nd3 Rd5 45. Kc4 Rg5
46. Rxc7+ Kb8 47. Rh7 Rg4+ 48. Nd4 Rg3 49. b3 Rd2 50. Ne5 h2 51. Nec6+ Kc8 52.
Kb5 Rxc3 53. Kxb6 Rc1 54. Rc7# 1-0

[Event "Open Nuevo Centro. Jornada 5"]
[Site "Chess.com"]
[Date "2020.07.17"]
[Round "4"]
[White "Granero Roca, Antonio"]
[Black "Vega Gutiérrez, Sabrina"]
[Result "1-0"]
[WhiteElo "2441"]
[BlackElo "2176"]
[PlyCount "109"]
[EventDate "2020.??.??"]

1. Nf3 d5 2. g3 c6 3. Bg2 Bg4 4. O-O Nd7 5. d4 Ngf6 6. c3 e6 7. Bf4 Be7 8. Nbd2
O-O 9. h3 Bh5 10. Qb3 Qc8 11. g4 Bg6 12. Ne5 c5 13. e3 c4 14. Qd1 Nxe5 15. Bxe5
Bd3 16. Re1 Ne4 17. f3 Nxd2 18. Qxd2 Bh4 19. Red1 f6 20. Bh2 b5 21. e4 dxe4 22.
fxe4 e5 23. Qe3 Qd7 24. d5 Qd6 25. Kh1 Rfb8 26. Bg1 a5 27. Rxd3 cxd3 28. Qxd3
a4 29. a3 Rb7 30. Rd1 Rc8 31. Bf1 Rcc7 32. Qf3 Bg5 33. Bd3 Bf4 34. Bf2 Rf7 35.
Qe2 g6 36. Bxb5 Qb8 37. c4 f5 38. d6 fxe4 39. Qxe4 Rxb5 40. cxb5 Qxb5 41. Qd5
Qxd5+ 42. Rxd5 Rd7 43. Bc5 Kf7 44. Kg2 Ke6 45. Rd1 e4 46. Rd4 Be5 47. Rxa4 Bxb2
48. Kf2 Kd5 49. Bb4 Bd4+ 50. Ke2 Ke6 51. Ra8 Rf7 52. Re8+ Kd5 53. Re7 Rf2+ 54.
Ke1 Bf6 55. Kxf2 1-0

[Event "Open Nuevo Centro. Jornada 5"]
[Site "Chess.com"]
[Date "2020.07.17"]
[Round "4"]
[White "Yuste Valenzuela, Alejandro"]
[Black "Garcia, Jhoel"]
[Result "0-1"]
[WhiteElo "1847"]
[BlackElo "2460"]
[PlyCount "120"]
[EventDate "2020.??.??"]

1. e4 c5 2. Nf3 Nc6 3. d4 cxd4 4. Nxd4 Nf6 5. Nc3 e6 6. Nxc6 bxc6 7. Bd3 d5 8.
O-O Be7 9. exd5 exd5 10. Ne2 Rb8 11. Nd4 Bd7 12. Nf5 Bxf5 13. Bxf5 O-O 14. Re1
Bd6 15. g3 Qc7 16. c3 Nd7 17. Bc2 Ne5 18. b3 Rfe8 19. Bf4 Ng6 20. Bxd6 Qxd6 21.
Qd2 Qf6 22. Rxe8+ Rxe8 23. Re1 Ne5 24. Bd1 Rf8 25. f4 Nd7 26. Qd4 Qd6 27. Bf3
Nc5 28. Qe5 Qd8 29. Qe2 Ne6 30. Rd1 Qa5 31. Qd2 Qc5+ 32. Kg2 Rd8 33. c4 d4 34.
f5 Nf8 35. Qg5 f6 36. Qd2 d3 37. Be4 h5 38. Qf2 Qe5 39. Bxd3 Nh7 40. Be2 Rxd1
41. Bxd1 h4 42. gxh4 Qe4+ 43. Bf3 Qb1 44. Qf1 Qc2+ 45. Qf2 Qb1 46. h5 Ng5 47.
Bxc6 Qd3 48. Bd5+ Kh8 49. h6 Qh3+ 50. Kg1 Qc3 51. hxg7+ Kxg7 52. Qe2 Nh3+ 53.
Kg2 Nf4+ 54. Kf2 Nxe2 55. Kxe2 Qb2+ 56. Ke3 Qe5+ 57. Kd3 Qxf5+ 58. Kc3 Qe5+ 59.
Kb4 Qxh2 60. c5 Qc7 0-1

[Event "Open Nuevo Centro. Jornada 5"]
[Site "Chess.com"]
[Date "2020.07.17"]
[Round "4"]
[White "Gutierrez Marco, Dario"]
[Black "Pallardo Lozoya, Jose Vicente"]
[Result "0-1"]
[WhiteElo "1839"]
[BlackElo "2228"]
[PlyCount "112"]
[EventDate "2020.??.??"]

1. e4 c6 2. d4 d5 3. e5 Bf5 4. h4 h6 5. g4 Bd7 6. f4 e6 7. Bd3 h5 8. f5 hxg4 9.
Qxg4 exf5 10. Bxf5 Nh6 11. Bxh6 Rxh6 12. Bxd7+ Qxd7 13. Qxd7+ Nxd7 14. Nf3 Be7
15. Nbd2 O-O-O 16. O-O-O Rdh8 17. Rdg1 g6 18. Rg4 Nf8 19. c3 Ne6 20. Nf1 Kd7
21. Ng3 Ng7 22. Kd2 Ke6 23. Ke3 Nh5 24. Nxh5 Rxh5 25. Kf4 b6 26. Kg3 g5 27. Rh2
c5 28. hxg5 Rxh2 29. Nxh2 cxd4 30. cxd4 Rc8 31. Nf3 Rc2 32. g6 fxg6 33. Rxg6+
Kf7 34. Rh6 Rxb2 35. e6+ Kg7 36. Rh5 Rb5 37. Re5 Bd6 38. e7 Bxe7 39. Rxe7+ Kf6
40. Rxa7 Rb4 41. Ra6 Kf5 42. a4 Ke4 43. Ra8 Kd3 44. Ne5+ Ke4 45. Nd7 Rb3+ 46.
Kg4 Kxd4 47. Ra6 Rb4 48. Nxb6 Ke4 49. Nd7 d4 50. Nf6+ Ke5 51. Nh5 Ke4 52. Re6+
Kd5 53. Ra6 Ke4 54. a5 d3 55. Rd6 Ke5+ 56. Nf4 Kxd6 0-1

[Event "Open Nuevo Centro. Jornada 5"]
[Site "Chess.com"]
[Date "2020.07.17"]
[Round "4"]
[White "Garrido Silos, Pablo"]
[Black "Movsisyan, Tigran"]
[Result "0-1"]
[WhiteElo "1444"]
[BlackElo "1875"]
[PlyCount "114"]
[EventDate "2020.??.??"]

1. e4 c5 2. c3 e6 3. d4 cxd4 4. cxd4 d5 5. e5 Nc6 6. Nf3 Qb6 7. Nc3 Bd7 8. Bb5
Nh6 9. Bxc6 bxc6 10. Bxh6 gxh6 11. Qd2 Rb8 12. b3 Bb4 13. Qc2 Qa5 14. Rc1 Bxc3+
15. Qxc3 Qxa2 16. Nd2 Qa3 17. Ra1 Qb4 18. Qxb4 Rxb4 19. Rxa7 Ke7 20. Ra4 Rxa4
21. bxa4 Ra8 22. O-O Rxa4 23. Nf3 Rc4 24. Rd1 c5 25. dxc5 Rxc5 26. h3 f6 27.
Rd4 fxe5 28. Nxe5 Kd6 29. Nf7+ Kc7 30. Nxh6 e5 31. Rd1 e4 32. Nf7 Ba4 33. Rd2
Kd7 34. Ne5+ Ke6 35. Ng4 Rc2 36. Rd4 Bb3 37. Ne3 Rc1+ 38. Kh2 Ke5 39. Rd2 h5
40. g4 d4 41. Nf5 hxg4 42. hxg4 d3 43. Ne3 Rc8 44. Kg3 Rf8 45. Ng2 Rf3+ 46. Kh4
Kd4 47. Ne1 Rf8 48. g5 Bc4 49. g6 e3 50. fxe3+ Kxe3 51. Rh2 Rh8+ 52. Kg3 Rxh2
53. Kxh2 d2 54. Nc2+ Kf2 55. g7 d1=Q 56. g8=Q Bxg8 57. Nb4 Qh5# 0-1

[Event "Open Nuevo Centro. Jornada 5"]
[Site "Chess.com"]
[Date "2020.07.17"]
[Round "4"]
[White "Gimeno Higueras, Roberto"]
[Black "Fernández Martin, Carlos"]
[Result "1-0"]
[WhiteElo "2082"]
[BlackElo "1715"]
[PlyCount "151"]
[EventDate "2020.??.??"]

1. e4 c5 2. c3 d6 3. Nf3 Nf6 4. Be2 Nc6 5. d3 e6 6. O-O Be7 7. Bg5 O-O 8. Nbd2
Qc7 9. d4 cxd4 10. cxd4 h6 11. Bh4 a6 12. Rc1 Qb6 13. Nc4 Qd8 14. d5 exd5 15.
exd5 Nxd5 16. Qxd5 Bxh4 17. Qxd6 Qxd6 18. Nxd6 Bf6 19. b3 Be6 20. Bc4 Bxc4 21.
Rxc4 Na5 22. Rc7 b5 23. Rfc1 Rfd8 24. Nxf7 Rd3 25. N7e5 Rd5 26. Ng4 Bb2 27. Re1
Rad8 28. g3 Rd3 29. Ne3 Bc3 30. Rc1 Bb2 31. R1c2 Bf6 32. Kg2 R3d7 33. Ng4 Ba1
34. Nh4 Nb7 35. Nf5 Nd6 36. Rxd7 Rxd7 37. Rd2 h5 38. Nge3 Nxf5 39. Rxd7 Nh6 40.
h4 Nf7 41. Nf5 Kf8 42. Ra7 Ne5 43. Nxg7 Nc6 44. Ne6+ Ke8 45. Rxa6 Kd7 46. Nc5+
Kd6 47. b4 Kd5 48. a3 Bb2 49. f4 Nd4 50. Rh6 Kc4 51. a4 bxa4 52. Nxa4 Ba3 53.
Nb6+ Kb5 54. Nd5 Kc4 55. Rxh5 Ne6 56. Ne3+ Kd3 57. Re5 Nd4 58. h5 Bxb4 59. h6
Bf8 60. h7 Bg7 61. Re7 Bh8 62. g4 Ne2 63. f5 Nf4+ 64. Kf3 Nh3 65. Rd7+ Kc3 66.
Rd8 Ng5+ 67. Kf4 Nf7 68. Rf8 Be5+ 69. Ke4 Ng5+ 70. Kxe5 Nxh7 71. Rc8+ Kd3 72.
Kf4 Nf6 73. Rd8+ Ke2 74. Nd5 Nh7 75. Rh8 Nf6 76. Nxf6 1-0

[Event "Open Nuevo Centro. Jornada 5"]
[Site "Chess.com"]
[Date "2020.07.17"]
[Round "4"]
[White "Gimenez Saiz, Jose Raul"]
[Black "Bosch Jordà, Ricard"]
[Result "0-1"]
[WhiteElo "1555"]
[BlackElo "1913"]
[PlyCount "154"]
[EventDate "2020.??.??"]

1. d4 Nf6 2. e3 e6 3. Bd3 d5 4. Nd2 Bd6 5. f4 O-O 6. Ngf3 b6 7. O-O c5 8. c3
Bb7 9. Ne5 Nbd7 10. Qf3 cxd4 11. exd4 a6 12. g4 Ne4 13. Nxe4 dxe4 14. Bxe4 Bxe4
15. Qxe4 Nf6 16. Qf3 Nd5 17. g5 f6 18. gxf6 Qxf6 19. Nd7 Qg6+ 20. Qg3 Qxg3+ 21.
hxg3 Rf7 22. Ne5 Rf5 23. Bd2 Raf8 24. c4 Ne7 25. Nd7 Rd8 26. Nxb6 Rh5 27. c5
Bxc5 28. dxc5 Rxd2 29. Rf2 Rxf2 30. Kxf2 Rxc5 31. Re1 Nf5 32. Rxe6 Rc2+ 33. Re2
Rxe2+ 34. Kxe2 Nxg3+ 35. Kf3 Nf5 36. Kg4 Ne3+ 37. Kf3 Nd1 38. b3 Nc3 39. a4 Kf7
40. Nc4 Ke6 41. Ne5 Nb1 42. b4 Nc3 43. a5 Nd5 44. Nd3 Kd6 45. Ke4 Nf6+ 46. Kf5
Kc6 47. Ke6 h5 48. Kf7 h4 49. Kxg7 Ne4 50. Ne1 h3 51. Nf3 Kb5 52. f5 Kxb4 53.
f6 Nxf6 54. Kxf6 Kxa5 55. Kf5 Kb4 56. Kg4 h2 57. Nxh2 a5 58. Nf3 Kc3 59. Kf4 a4
60. Ke3 a3 61. Nd2 a2 62. Ne4+ Kb2 63. Kd3 a1=Q 64. Nc3 Qa3 65. Kd4 Qxc3+ 66.
Ke4 Kc2 67. Kd5 Qb4 68. Ke5 Kd3 69. Kf5 Ke3 70. Ke5 Qc5+ 71. Ke6 Kf4 72. Kd7
Qb6 73. Ke7 Kf5 74. Kd7 Ke5 75. Ke7 Qb7+ 76. Kf8 Kf6 77. Ke8 Qe7# 0-1

[Event "Open Nuevo Centro. Jornada 5"]
[Site "Chess.com"]
[Date "2020.07.17"]
[Round "4"]
[White "Yatseta Fernandez, Marc Kazymyr"]
[Black "Cantero Navarro, Antonio"]
[Result "0-1"]
[WhiteElo "1542"]
[BlackElo "1885"]
[PlyCount "204"]
[EventDate "2020.??.??"]

1. d4 d5 2. c4 e6 3. g3 Nf6 4. Bg2 Be7 5. Nf3 dxc4 6. Be3 O-O 7. Nbd2 a6 8.
Nxc4 b5 9. Nce5 Bb7 10. O-O Nd5 11. Rc1 Nxe3 12. fxe3 Be4 13. Nh4 Bxg2 14. Nxg2
Bd6 15. Qc2 Bxe5 16. dxe5 c6 17. Rfd1 Qe7 18. Rd2 Ra7 19. Rcd1 Rc7 20. Qd3 c5
21. Qd6 Nc6 22. Nf4 Nb4 23. a3 Nc6 24. Qxe7 Rxe7 25. Rd6 Nxe5 26. Rxa6 Nc4 27.
Rc6 Nxb2 28. Rb1 Nc4 29. Rxb5 Nxa3 30. Rbxc5 Rb7 31. Rc8 g6 32. Rxf8+ Kxf8 33.
Kf2 Nb5 34. Rc8+ Kg7 35. Kf3 Nd6 36. Rc6 Nf5 37. g4 Ne7 38. Rc1 h6 39. h4 Rb4
40. Rc7 Ng8 41. Nxe6+ Kf6 42. Nf4 Rb2 43. Rc6+ Kg7 44. h5 g5 45. Nd3 Rb1 46.
Kg2 Ne7 47. Rc7 Kf6 48. e4 Ke6 49. Ra7 Kf6 50. e5+ Ke6 51. Ra6+ Kd5 52. Ra5+
Ke4 53. Kf2 Nd5 54. Nc5+ Kxe5 55. Nd3+ Kd6 56. e4 Nf4 57. Ra6+ Ke7 58. Nxf4
gxf4 59. Ra3 Rh1 60. Rf3 Rh4 61. Rxf4 Ke6 62. Kg3 Rh1 63. Rf2 Rg1+ 64. Kh2 Rxg4
65. Kh3 Rxe4 66. Rg2 Re5 67. Kh4 Kf6 68. Rg8 Re4+ 69. Kg3 Re5 70. Kg4 Re1 71.
Rh8 Rg1+ 72. Kf4 Kg7 73. Ra8 Rg5 74. Ra7 Rxh5 75. Kg4 Rg5+ 76. Kh4 Kg6 77. Kh3
f5 78. Ra6+ Kh7 79. Kh4 Rg6 80. Ra5 Rf6 81. Kh5 f4 82. Ra1 f3 83. Rf1 f2 84.
Kg4 Kg6 85. Kg3 Kh5 86. Rxf2 Rg6+ 87. Kh3 Rg1 88. Rf5+ Kg6 89. Rf2 Rc1 90. Rg2+
Kh5 91. Ra2 Rc3+ 92. Kh2 Rc4 93. Ra5+ Kg4 94. Ra6 Rc2+ 95. Kh1 h5 96. Ra4+ Kg3
97. Ra1 Kh3 98. Ra3+ Kg4 99. Ra4+ Kg3 100. Ra3+ Kf2 101. Ra1 Rc4 102. Rg1 Rh4#
0-1

[Event "Open Nuevo Centro. Jornada 5"]
[Site "Chess.com"]
[Date "2020.07.17"]
[Round "5"]
[White "Cebrián Granado, Guille"]
[Black "Ainsa Jimenez, Lucas"]
[Result "0-1"]
[WhiteElo "409"]
[BlackElo "1042"]
[PlyCount "28"]
[EventDate "2020.??.??"]

1. d4 d5 2. Nf3 Nc6 3. Nc3 Nf6 4. e4 dxe4 5. g3 exf3 6. h3 e6 7. b3 Bb4 8. a3
Bxc3+ 9. Bd2 Bxa1 10. Qxa1 Qxd4 11. c3 Qd8 12. Be3 Nd5 13. c4 Nxe3 14. b4 Nc2#
0-1

[Event "Open Nuevo Centro. Jornada 5"]
[Site "Chess.com"]
[Date "2020.07.17"]
[Round "5"]
[White "Fernández Martin, Carlos"]
[Black "Cebolla Ruiz, David"]
[Result "1-0"]
[WhiteElo "1720"]
[BlackElo "1503"]
[PlyCount "23"]
[EventDate "2020.??.??"]

1. e4 c6 2. Nc3 d5 3. Nf3 Nf6 4. e5 Ne4 5. Bd3 Nxc3 6. dxc3 Bg4 7. h3 Bxf3 8.
Qxf3 Nd7 9. e6 fxe6 10. Qh5+ g6 11. Bxg6+ hxg6 12. Qxg6# 1-0

[Event "Open Nuevo Centro. Jornada 5"]
[Site "Chess.com"]
[Date "2020.07.17"]
[Round "5"]
[White "Rabbani Perez, Ayoub"]
[Black "Hernández Tomás, Efrén"]
[Result "0-1"]
[WhiteElo "250"]
[BlackElo "1004"]
[PlyCount "44"]
[EventDate "2020.??.??"]

1. e3 e5 2. e4 Nf6 3. Nf3 Nc6 4. Nc3 Bc5 5. Nxe5 Nxe5 6. Nb5 c6 7. Nc3 d6 8. d3
Nfg4 9. Be3 Bxe3 10. fxe3 Nxe3 11. Qe2 Nxf1 12. Rxf1 O-O 13. Rh1 Re8 14. d4 Ng6
15. g3 d5 16. exd5 Rxe2+ 17. Kxe2 Bg4+ 18. Ke1 Qe8+ 19. Kf2 cxd5 20. Nxd5 Qe2+
21. Kg1 Bf3 22. h4 Qg2# 0-1

[Event "Open Nuevo Centro. Jornada 5"]
[Site "Chess.com"]
[Date "2020.07.17"]
[Round "5"]
[White "Simó Serrano, Javier"]
[Black "Alvarez Usina, Jordi"]
[Result "0-1"]
[WhiteElo "938"]
[BlackElo "1309"]
[PlyCount "42"]
[EventDate "2020.??.??"]

1. d4 d5 2. Bf4 Bf5 3. e3 e6 4. Bd3 Bg6 5. Nf3 Bd6 6. Bg3 Nf6 7. Nc3 Ne4 8. Ne5
Nd7 9. Nxe4 dxe4 10. Nxg6 hxg6 11. Bxe4 Bxg3 12. fxg3 c6 13. Qf3 Nf6 14. O-O-O
Qd6 15. Bd3 O-O-O 16. h4 Rh5 17. g4 Ra5 18. h5 Rxa2 19. hxg6 Qb4 20. b3 Qc3 21.
Rde1 Ra1# 0-1

[Event "Open Nuevo Centro. Jornada 5"]
[Site "Chess.com"]
[Date "2020.07.17"]
[Round "5"]
[White "Sendra Tormo, Juan"]
[Black "Jordan Martinez, Miguel"]
[Result "1-0"]
[WhiteElo "2234"]
[BlackElo "1838"]
[PlyCount "57"]
[EventDate "2020.??.??"]

1. e4 e6 2. d4 d5 3. Bd3 dxe4 4. Bxe4 Nf6 5. Bf3 c5 6. Ne2 Nc6 7. Be3 e5 8.
Bxc6+ bxc6 9. dxe5 Qxd1+ 10. Kxd1 Ng4 11. Nd2 Nxe5 12. h3 Bf5 13. g4 Be6 14.
Nf4 Bd5 15. Re1 O-O-O 16. Nxd5 Rxd5 17. Ke2 Be7 18. Rad1 Re8 19. b3 Bh4 20. c4
Rd7 21. Ne4 Rxd1 22. Rxd1 Ng6 23. Nd6+ Kd7 24. Nxe8+ Kxe8 25. Rd6 Ne7 26. Bxc5
a6 27. f4 f5 28. g5 h6 29. Re6 1-0

[Event "Open Nuevo Centro. Jornada 5"]
[Site "Chess.com"]
[Date "2020.07.17"]
[Round "5"]
[White "Saiz Sapena, Veronica"]
[Black "Aguado, Pablo Luis"]
[Result "0-1"]
[WhiteElo "1608"]
[BlackElo "1906"]
[PlyCount "66"]
[EventDate "2020.??.??"]

1. e4 c5 2. Nf3 d6 3. d4 cxd4 4. Nxd4 Nf6 5. Nc3 g6 6. Bc4 Bg7 7. Be3 O-O 8.
O-O Nc6 9. h3 a6 10. f4 Qb6 11. Nxc6 Qxe3+ 12. Kh1 bxc6 13. Qf3 Qxf3 14. Rxf3
Bd7 15. Rb1 a5 16. e5 dxe5 17. fxe5 Nd5 18. Re1 Nxc3 19. Rxc3 Rab8 20. b3 c5
21. Rd3 Bc6 22. a4 Rfd8 23. Red1 Rxd3 24. Rxd3 Bxe5 25. Re3 Bf6 26. Kh2 Rd8 27.
Re2 Kg7 28. g4 Rd1 29. Kg3 Rg1+ 30. Kf4 e5+ 31. Ke3 Rg3+ 32. Kd2 Rxh3 33. Rg2
Bxg2 0-1

[Event "Open Nuevo Centro. Jornada 5"]
[Site "Chess.com"]
[Date "2020.07.17"]
[Round "5"]
[White "Valverde Alcaide, Miguel Alejandro"]
[Black "Furio Martinez, Francisco"]
[Result "1-0"]
[WhiteElo "867"]
[BlackElo "654"]
[PlyCount "47"]
[EventDate "2020.??.??"]

1. d4 e6 2. c4 d5 3. c5 Nf6 4. f3 b6 5. Nc3 bxc5 6. Nh3 cxd4 7. Qa4+ Nbd7 8.
Qxd4 Be7 9. Ng5 O-O 10. e4 dxe4 11. Ngxe4 Bb7 12. Nxf6+ Bxf6 13. Qg4 Bxc3+ 14.
bxc3 Rc8 15. Bh6 g6 16. Bxf8 Qxf8 17. Bd3 c5 18. O-O c4 19. Bxc4 Rxc4 20. Qxc4
Bxf3 21. gxf3 f5 22. Rfd1 Ne5 23. Qxe6+ Qf7 24. Qxe5 1-0

[Event "Open Nuevo Centro. Jornada 5"]
[Site "Chess.com"]
[Date "2020.07.17"]
[Round "5"]
[White "Más Ripoll, Vicente"]
[Black "Maestre Soler, Sergio"]
[Result "0-1"]
[WhiteElo "1071"]
[BlackElo "905"]
[PlyCount "66"]
[EventDate "2020.??.??"]

1. e4 e5 2. Nf3 Bc5 3. Bc4 h6 4. Nxe5 Qh4 5. Bxf7+ Ke7 6. Ng6+ Kxf7 7. Nxh4 g5
8. Qh5+ Kg7 9. Qg6+ Kf8 10. Qf5+ Ke7 11. Ng6+ Ke8 12. Qf7+ Kxf7 13. Ne5+ Ke6
14. Nd3 Bd4 15. O-O Nc6 16. c3 Be5 17. Nxe5 Nxe5 18. d4 Nd3 19. Na3 Nxc1 20.
Raxc1 Ke7 21. f4 gxf4 22. Rxf4 Nf6 23. Rcf1 Rf8 24. Rh4 Nxe4 25. Rxe4+ Kd6 26.
Rxf8 b6 27. Nc4+ Kd5 28. Nd2 Bb7 29. Rh4 Rxf8 30. Rxh6 Ba6 31. Rh7 Kd6 32. Ne4+
Kd5 33. Ng5 Rf1# 0-1

[Event "Open Nuevo Centro. Jornada 5"]
[Site "Chess.com"]
[Date "2020.07.17"]
[Round "5"]
[White "Angullo Gil, Jose"]
[Black "Hassomal Daswani, Birjkumar"]
[Result "0-1"]
[WhiteElo "1976"]
[BlackElo "1836"]
[PlyCount "46"]
[EventDate "2020.??.??"]

1. e4 c5 2. Nf3 e6 3. d4 cxd4 4. Nxd4 Bc5 5. Nb3 Bb6 6. Be2 Ne7 7. O-O O-O 8.
Nc3 f5 9. Be3 fxe4 10. Nxe4 Bxe3 11. fxe3 d5 12. Ng5 Nf5 13. Nh3 Nxe3 14. Rxf8+
Qxf8 15. Qd3 Nf5 16. g4 Nd6 17. Ng5 g6 18. Rf1 Qe7 19. h4 Nc6 20. c3 Bd7 21.
Nc5 Ne5 22. Qg3 Ndf7 23. Nxf7 Qxc5+ 0-1

[Event "Open Nuevo Centro. Jornada 5"]
[Site "Chess.com"]
[Date "2020.07.17"]
[Round "5"]
[White "Fitzpatrick Dimas, Kevin"]
[Black "Serrano Requena, Guillem"]
[Result "0-1"]
[WhiteElo "956"]
[BlackElo "1473"]
[PlyCount "54"]
[EventDate "2020.??.??"]

1. e4 c5 2. Bc4 e6 3. d4 cxd4 4. Qxd4 Nc6 5. Qd3 Nb4 6. Qc3 d5 7. a3 Qa5 8.
axb4 Qxa1 9. Bb5+ Bd7 10. Bxd7+ Kxd7 11. exd5 Qxb1 12. Kd1 Qa2 13. dxe6+ Qxe6
14. Qd3+ Qd6 15. Qxd6+ Bxd6 16. Nf3 Bxb4 17. Ke2 Nf6 18. Rd1+ Ke7 19. Bg5 Rad8
20. Ra1 h6 21. Bxf6+ gxf6 22. Rxa7 Rhe8 23. Rxb7+ Kf8+ 24. Kf1 Bd6 25. g3 Be5
26. Nh4 Rb8 27. Rc7 Bxc7 0-1

[Event "Open Nuevo Centro. Jornada 5"]
[Site "Chess.com"]
[Date "2020.07.17"]
[Round "5"]
[White "Chofre Murcia, Adrián"]
[Black "Pardo Ruiz, Beatriz"]
[Result "1-0"]
[WhiteElo "1678"]
[BlackElo "1341"]
[PlyCount "45"]
[EventDate "2020.??.??"]

1. e4 e5 2. Nc3 Nc6 3. f4 f6 4. Nf3 Bc5 5. Bc4 Nge7 6. fxe5 fxe5 7. Nxe5 Nxe5
8. Qh5+ N5g6 9. Qxc5 d6 10. Qg5 c6 11. O-O Qd7 12. Bf7+ Kd8 13. Bxg6 hxg6 14.
Rf7 Qe6 15. Rxg7 Rh5 16. Qxe7+ Qxe7 17. Rxe7 Kxe7 18. d3 Rh8 19. Bg5+ Kf7 20.
Rf1+ Kg7 21. Bf6+ Kh6 22. Bxh8 Be6 23. Bf6 1-0

[Event "Open Nuevo Centro. Jornada 5"]
[Site "Chess.com"]
[Date "2020.07.17"]
[Round "5"]
[White "Bendayán Claros, Aaron"]
[Black "Perrot, Fabien"]
[Result "1-0"]
[WhiteElo "1980"]
[BlackElo "970"]
[PlyCount "45"]
[EventDate "2020.??.??"]

1. d4 d5 2. e3 Nf6 3. Bd3 c5 4. c3 Bg4 5. Nf3 e6 6. O-O Nc6 7. Nbd2 Be7 8. Qe1
O-O 9. Ne5 Nxe5 10. dxe5 Nd7 11. f4 f6 12. h3 Bf5 13. Bxf5 exf5 14. c4 fxe5 15.
cxd5 exf4 16. exf4 Re8 17. Qe6+ Kh8 18. Qxf5 Rf8 19. Qe6 Rf6 20. Qe4 Qb6 21.
Nc4 Qc7 22. Qxe7 Rxf4 23. Bxf4 1-0